<?xml version="1.0" encoding="UTF-8"?>
<collection xmlns="http://www.loc.gov/MARC21/slim">
<record>
  <controlfield tag="001">5833</controlfield>
  <controlfield tag="005">20220928100756.0</controlfield>
  <datafield tag="037" ind1=" " ind2=" ">
    <subfield code="a">CTALK-2022-0077</subfield>
  </datafield>
  <datafield tag="100" ind1=" " ind2=" ">
    <subfield code="a">De Plaen, R.</subfield>
  </datafield>
  <datafield tag="245" ind1=" " ind2=" ">
    <subfield code="a">Extracting Microseismic Ground Motion From Legacy Seismograms</subfield>
  </datafield>
  <datafield tag="260" ind1=" " ind2=" ">
    <subfield code="c">2022</subfield>
  </datafield>
  <datafield tag="269" ind1=" " ind2=" ">
    <subfield code="c">2022-09-05</subfield>
  </datafield>
  <datafield tag="520" ind1=" " ind2=" ">
    <subfield code="a">Before digital recordings became available in the 1970s, the ground motion was recorded using ink on white paper, scratching black-smoked paper, or light on photographic paper. While those analog seismic records offer unique continuous observations from the last century, most of them are now stacked and archived in boxes and potentially exposed to physical decay and permanent loss. To preserve those records and ultimately subject them to modern methods of analysis, it is time-sensitive to scan and digitize them. Here, we worked on a method for automatic digitization of paper seismograms using image processing and machine learning to extract microseismic ground-motion periods and amplitudes. We implemented the method on legacy data recorded at the Royal Observatory of Belgium to extract power spectral densities for major storms during the last century, which are compared with modeled microseisms levels computed using a numerical ocean wave model. This further shows how digitizing analog seismograms does not only preserve the scientific legacy but also makes new research  possible by bringing analog data to the digital age.</subfield>
  </datafield>
  <datafield tag="536" ind1=" " ind2=" ">
    <subfield code="a">FSIRI/</subfield>
    <subfield code="c">33/</subfield>
    <subfield code="f">EP1</subfield>
  </datafield>
  <datafield tag="594" ind1=" " ind2=" ">
    <subfield code="a">NO</subfield>
  </datafield>
  <datafield tag="653" ind1="1" ind2=" ">
    <subfield code="a">analog seismograms</subfield>
  </datafield>
  <datafield tag="653" ind1="1" ind2=" ">
    <subfield code="a">seismic noise</subfield>
  </datafield>
  <datafield tag="653" ind1="1" ind2=" ">
    <subfield code="a">oceanic storms</subfield>
  </datafield>
  <datafield tag="653" ind1="1" ind2=" ">
    <subfield code="a">digitalization</subfield>
  </datafield>
  <datafield tag="653" ind1="1" ind2=" ">
    <subfield code="a">machine learning</subfield>
  </datafield>
  <datafield tag="653" ind1="1" ind2=" ">
    <subfield code="a">oceanic climate</subfield>
  </datafield>
  <datafield tag="700" ind1=" " ind2=" ">
    <subfield code="a">Lecocq, T.</subfield>
  </datafield>
  <datafield tag="700" ind1=" " ind2=" ">
    <subfield code="a">Lemenkova, P.</subfield>
  </datafield>
  <datafield tag="700" ind1=" " ind2=" ">
    <subfield code="a">Debeir, O.</subfield>
  </datafield>
  <datafield tag="700" ind1=" " ind2=" ">
    <subfield code="a">Ardhuin, F.</subfield>
  </datafield>
  <datafield tag="700" ind1=" " ind2=" ">
    <subfield code="a">De Carlo, M.</subfield>
  </datafield>
  <datafield tag="773" ind1=" " ind2=" ">
    <subfield code="t">3rd European Conference on Earthquake Engineering &amp; Seismology. Bucharest, Romania</subfield>
  </datafield>
  <datafield tag="856" ind1="0" ind2=" ">
    <subfield code="f">martin.zeckra@observatory.be</subfield>
  </datafield>
  <datafield tag="856" ind1="4" ind2=" ">
    <subfield code="s">1765871</subfield>
    <subfield code="u">http://publi2-as.oma.be/record/5833/files/2022_3ECEES_DePlaen.pdf</subfield>
  </datafield>
  <datafield tag="856" ind1="4" ind2=" ">
    <subfield code="s">11535</subfield>
    <subfield code="u">http://publi2-as.oma.be/record/5833/files/2022_3ECEES_DePlaen.jpg?subformat=icon-180</subfield>
    <subfield code="x">icon-180</subfield>
  </datafield>
  <datafield tag="856" ind1="4" ind2=" ">
    <subfield code="s">9694</subfield>
    <subfield code="u">http://publi2-as.oma.be/record/5833/files/2022_3ECEES_DePlaen.gif?subformat=icon</subfield>
    <subfield code="x">icon</subfield>
  </datafield>
  <datafield tag="906" ind1=" " ind2=" ">
    <subfield code="a">Contributed</subfield>
  </datafield>
  <datafield tag="980" ind1=" " ind2=" ">
    <subfield code="a">CTALKCONT</subfield>
  </datafield>
</record>
</collection>